Recursos de casación civil (Registro nro. 29319)
[ vista simple ]
| 000 -ENCABEZADO | |
|---|---|
| Número de control [NR] | 00922nam a2200265Ia 4500 |
| 008 - DE LONGITUD FIJA DE DATOS DE ELEMENTOS - INFORMACIÓN GENERAL | |
| Elementos de longitud fija [NR] | 130821s1999 ck gr spa |
| 020 ## - NUMERO INTERNACIONAL NORMALIZADO PARA LIBROS [R] | |
| Número Internacional Normalizado del libro [NR] | 95893333796 |
| 040 ## - FUENTE DE CATALOGACION [NR] | |
| Agencia de catalogación original [NR] | Co-BoUCM |
| Idioma de catalogación [NR] | spa |
| 041 00 - CODIGO DE IDIOMA [R] | |
| Código de idioma para texto/pista de sonido o título separado [R] | Español |
| 100 1# - ASIENTO PRINCIPAL--NOMBRE PERSONAL [NR] | |
| Nombre personal [NR] | Murcia Ballen, Humberto |
| 245 10 - MENCION DE TITULO [NR] | |
| Título [NR] | Recursos de casación civil |
| Mención de responsabilidad, etc. [NR] | Humberto Murcia Ballén |
| 250 ## - MENCION DE EDICION [NR] | |
| Mención de edición [NR] | 5a. ed, modificada y actualizada |
| 260 ## - PUBLICACION, DISTRIBUCION, ETC. (PIE DE IMPRENTA) [R] | |
| Lugar de publicación, distribución, etc. [R] | Bogotá (Cundinamarca, Colombia) |
| Nombre del editor, distribuidor, etc. [R] | Ediciones Jurídicas Gustavo Ibañez |
| Fecha de publicación, distribución, etc. [R] | 1999 |
| 300 ## - DESCRIPCION FISICA [R] | |
| Extensión [R] | 693 páginas |
| 504 ## - NOTA DE BIBLIOGRAFIA, ETC. [R] | |
| Nota de bibliografía, etc. [NR] | |
| 650 04 - ASIENTO SECUNDARIO DE MATERIA - TERMINO TEMATICO [R] | |
| Término temático o nombre geográfico como elemento de entrada [NR] | Derecho civil |
| 9 (RLIN) | 12711 |
| 650 04 - ASIENTO SECUNDARIO DE MATERIA - TERMINO TEMATICO [R] | |
| Término temático o nombre geográfico como elemento de entrada [NR] | Derecho civil |
| Subdivisión geográfica [R] | Colombia |
| 9 (RLIN) | 12711 |
| 650 04 - ASIENTO SECUNDARIO DE MATERIA - TERMINO TEMATICO [R] | |
| Término temático o nombre geográfico como elemento de entrada [NR] | Derecho procesal |
| 9 (RLIN) | 12822 |
| 650 04 - ASIENTO SECUNDARIO DE MATERIA - TERMINO TEMATICO [R] | |
| Término temático o nombre geográfico como elemento de entrada [NR] | Derecho procesal |
| Subdivisión geográfica [R] | Colombia |
| 9 (RLIN) | 12822 |
| 650 04 - ASIENTO SECUNDARIO DE MATERIA - TERMINO TEMATICO [R] | |
| Término temático o nombre geográfico como elemento de entrada [NR] | Error de hecho |
| 9 (RLIN) | 14728 |
| 650 04 - ASIENTO SECUNDARIO DE MATERIA - TERMINO TEMATICO [R] | |
| Término temático o nombre geográfico como elemento de entrada [NR] | Recurso de casación (Derecho civil) |
| Subdivisión geográfica [R] | Colombia |
| 650 04 - ASIENTO SECUNDARIO DE MATERIA - TERMINO TEMATICO [R] | |
| Término temático o nombre geográfico como elemento de entrada [NR] | Recursos (Derecho) |
| 942 ## - ELEMENTOS DE ENTRADA AGREGADOS (KOHA) | |
| Tipo de ítem principal el descrito en 300a | Libro |
| Tema principal | Derecho |
| Edición | 5 |
| Parte restante de la signatura top. | M973m |
| Sistema de clasificación | DEWEY |
| Clasificación | 347.05 |
| Fecha de último préstamo | Total préstamos | Total Renewals | Signatura topográfica | Código de barras | Última vez visto | Volúmen / Fascículo | Ejemplar | Price effective from | Tipo de ítem | Perdido | Sistema de clasificación | Dañado | No prestable | Tipo de ítem específico | Suprimido | Ubicación habitual | Ubicación actual | Localización | Fecha de creación | Forma de adquisición | Costo | Costo de reposición | Proveedor |
|---|---|---|---|---|---|---|---|---|---|---|---|---|---|---|---|---|---|---|---|---|---|---|---|
| 09/03/2024 | 89 | 21 | 347.05 M973m | 100052463 | 09/12/2025 | 5a. Ed. | Ej.1 | 03/02/2013 | Libro | DEWEY | Libro | Claustro | Claustro | 3er piso | 28/02/2003 | Compra | 70000.00 | ||||||
| 31/10/2022 | 1 | 347.05 M973m | 100162798 | 06/12/2024 | 5a.Ed. | Ej.2 | 30/07/2019 | Libro | DEWEY | Libro | BodegaJK | Claustro | Préstamo 2 días después de solicitado | 30/07/2019 | Donación | 0.00 | 26000.00 | 12 | |||||
| 23/03/2024 | 3 | 1 | 347.05 M973m | 100171550 | 09/12/2025 | 6a.Ed. | Ej.1 | 16/05/2023 | Libro | DEWEY | Libro | Claustro | Claustro | 3er piso | 16/05/2023 | Donación |